000 00682nam a2200205Ia 4500
003 GCL
008 140319s9999 xx 000 0 ara d
040 _aGCL /
_cGCL
082 0 4 _a213.9
_bع خ
100 1 _aعبدالعزيز الثعالبى
245 1 0 _aخلفيات المؤتمر الاسلامى بالقدس /
_cعبدالعزيز الثعالبى
260 _a[S.N] :
_bدار الغرب الاسلامى ،
_c1988
300 _a367 ص
490 _a
650 0 4 _aالاسلام
650 0 4 _aدفع المطاعن عن الاسلام
650 0 4 _aالاسلام والوحدة العربية
650 0 4 _aالاسلام واليهودية
942 _2ddc
_cBK
999 _c29446
_d29446